000 00563nam a2200193Ia 4500
005 20260120132052.0
008 008 260114s9999 xx 000 0 eng d
020 _a9780197718070
037 _aEBOOK
040 _aCRL
_beng
_cCRL
041 _aeng
_2eng
084 _qCRL
100 _aDeutsch
_9934561
245 0 _aWomen and the City: Gender, Power, and Space in Boston, 1870-1940
260 _bOxford University PressOxford University Press
_c2023
856 _uhttps://academic.oup.com/book/48116
942 _cEBOOK
999 _c1526484
_d1526484